2026/27 Jupiler (Belgian) Pro League Teams - Statistics

General Stats
  • This quiz has been taken 11 times
  • The average score is 13 of 17
Answer Stats
Teams % Correct
Club Brugge KV
100%
KAA Gent
89%
KRC Genk
89%
RSC Anderlecht
89%
Standard Liège
89%
Union SG
89%
Cercle Brugge KSV
78%
R. Antwerp FC
78%
Royal Charleroi SC
78%
SV Zulte Waregem
78%
KV Kortrijk
67%
Sint-Truidense VV
67%
KVC Westerlo
56%
KV Mechelen
56%
OH Leuven
56%
RAAL La Louvière
56%
SK Beveren
44%
No matching quizzes found
Score Distribution
Percent of People with Each Score
Percentile by Number Answered
Your Score History
You have not taken this quiz